Weeding out bad contractors : does the government have the right tools? : hearing before the Committee on Homeland Security and Governmental Affairs, United States Senate, One Hundred Twelfth Congress, first session, November 16, 2011.

Bibliographic Details
Corporate Author: United States. Congress. Senate. Committee on Homeland Security and Governmental Affairs
Format: Government Document eBook
Language:English
Published: Washington : U.S. G.P.O., 2012.
Series:S. hrg. ; 112-358
Subjects:
Online Access:https://purl.fdlp.gov/GPO/gpo22801

MARC

Tag First Indicator Second Indicator Subfields
LEADER 00000cam a2200000 a 4500
001 in00002763521
005 20211120165822.0
006 m d f
007 cr bn|||||||||
008 120518s2012 dcua ob f000 0 eng c
035 |a (OCoLC)ocn793911510 
040 |a GPO  |c GPO  |d GPO  |d MvI  |d UtOrBLW 
042 |a pcc 
043 |a n-us--- 
049 |a WWW 
050 1 4 |a KF26  |b .H63 2011v 
074 |a 1037-D (online) 
086 0 |a Y 4.G 74/9:S.HRG.112-358 
110 1 |a United States.  |b Congress.  |b Senate.  |b Committee on Homeland Security and Governmental Affairs. 
245 1 0 |a Weeding out bad contractors :  |b does the government have the right tools? : hearing before the Committee on Homeland Security and Governmental Affairs, United States Senate, One Hundred Twelfth Congress, first session, November 16, 2011. 
264 1 |a Washington :  |b U.S. G.P.O.,  |c 2012. 
300 |a 1 online resource (iii, 126 pages) :  |b illustrations 
336 |a text  |b txt  |2 rdacontent 
337 |a computer  |b c  |2 rdamedia 
338 |a online resource  |b cr  |2 rdacarrier 
490 1 |a S. hrg. ;  |v 112-358 
500 |a Title from title screen (viewed on May 18 , 2012). 
504 |a Includes bibliographical references. 
500 |a Electronic resource. 
650 0 |a Public contracts  |z United States. 
650 0 |a Letting of contracts  |x Government policy  |z United States. 
650 0 |a Government purchasing  |x Corrupt practices  |z United States. 
650 0 |a Government contractors  |x Corrupt practices  |z United States. 
650 0 |a Government contractors  |z United States  |x Discipline. 
650 0 |a Government contractors  |x Suspension  |z United States. 
650 0 |a Fraud  |z United States. 
776 0 8 |i Print version:  |a United States. Congress. Senate. Committee on Homeland Security and Governmental Affairs.  |t Weeding out bad contractors : does the government have the right tools  |w (OCoLC)793913022 
776 0 8 |i Microfiche:  |a United States. Congress. Senate. Committee on Homeland Security and Governmental Affairs.  |t Weeding out bad contractors : does the government have the right tools  |w (OCoLC)809198459 
810 1 |a United States.  |b Congress.  |b Senate.  |t S. hrg. ;  |v 112-258. 
856 4 0 |u https://purl.fdlp.gov/GPO/gpo22801  |t 0 
999 |a MARS 
999 f f |s 196c3e08-17e4-303e-ade5-3d50de601799  |i 18f4887c-597c-39c0-993c-baff0cbad554  |t 0 
952 f f |a Texas A&M University  |b College Station  |c Electronic Resources  |d Available Online  |t 0  |e Y 4.G 74/9:S.HRG.112-358  |h Superintendent of Documents classification 
998 f f |a Y 4.G 74/9:S.HRG.112-358  |t 0  |l Available Online